Представление документа в формате MARC21

Поле Инд. ПП Название Значение
Тип записи a
Библиографический уровень m
001 Контрольный номер RU/LIBMSTU/431606603
005 Дата корректировки 20180416112113.6
008 Кодируемые данные 130925|||||||||ru |||||||||||000|||rus||
020 a ISBN 5-7418-0327-Х
020 a ISBN 5-7418-0325-3 (т. 1)
040 b Код языка каталог. rus
041 0_ a Код языка текста rus
084 a Индекс другой классификации/Индекс ББК 33.1я7+26.34я7
090 a Полочн. индекс 33
x Авторский знак Б 19
100 1_ a Автор Баклашов И. В.
245 10 a Заглавие Геомеханика
b Продолж. заглавия учебник для вузов
n Номер части/ раздела В 2 т. Т. 1. Основы геомеханики
260 a Место издания Москва
b Издательство Изд-во МГГУ
c Дата издания 2004
300 a Объем 207, [1] с.
b Иллюстрации/ тип воспроизводства ил.
440 _0 a Серия Высшее горное образование
504 a Библиография Библиогр.: с. 203
583 1_ x Служебное примечание Специальности гор. дела. ВПО
583 1_ x Служебное примечание Специальности нефтегазового пр-ва. ВПО
650 04 a Основная рубрика Механика горных пород-Учебные издания для высших учебных заведений
653 0_ a Ключевые слова Выработки горные; Геомеханика; Геомеханические процессы; Горное дело; Механика горных пород; Механика грунтов; Подземное сооружение
901 t Тип документа m
952 b Гриф литературы для ВШ Допущено МОиН РФ
c Вид литературы учебник